| 000 | 00739nam a22002297a 4500 | ||
|---|---|---|---|
| 999 |
_c14445 _d14445 |
||
| 003 | AR-CdUCM | ||
| 008 | 190423b ||||| |||| 00| 0 spa d | ||
| 020 | _a978-612-301-046-1 | ||
| 040 |
_aMUNICIPALIDAD PROVINCIAL DEL CUSCO _cBIBLIOTECA MUNICIPAL DEL CUSCO |
||
| 082 |
_aPI / 803.08 / _bL84 |
||
| 100 |
_aLoli, César _933193 |
||
| 245 |
_aPulgarcito : _bCon miss Rosi / |
||
| 260 |
_aLima : _bQ.W. Editores, _c2009. |
||
| 300 |
_a16 páginas ; _bilustraciones, _c20 cm. _ecd. |
||
| 440 |
_aCántame un cuento. _n2 _933194 |
||
| 650 |
_aLiteratura infantil _9588 |
||
| 650 |
_aCuento infantil _93319 |
||
| 650 |
_aPrimera infancia _924660 |
||
| 710 |
_aEditorial Septiembre. _933196 |
||
| 942 |
_2ddc _cLIBROS |
||
| 945 |
_aachl _d2019-04-23 |
||